[Event "New Hampshire op 50th U2100"]
[Site "New Hampshire"]
[Date "2000.??.??"]
[Round "3"]
[White "Babayan, Ruben"]
[Black "Polizoti, Geoffrey"]
[Result "0-1"]
[WhiteElo "2015"]
[BlackElo "2075"]
[PlyCount "96"]
[EventDate "2000.??.??"]
[EventType "swiss"]
[EventRounds "4"]
[EventCountry "USA"]
[SourceTitle "EXT 2003"]
[Source "ChessBase"]
[SourceDate "2002.11.25"]
[SourceVersion "1"]
[SourceVersionDate "2002.11.25"]
[SourceQuality "1"]

1. c4 c6 2. b3 d5 3. cxd5 cxd5 4. Bb2 Nc6 5. g3 Nf6 6. Bg2 Bg4 7. Nf3 e6 8. Na3 Bd6 9. Nb5 Bb8 10. Rc1 0-0 11. Nbd4 Nxd4 12. Bxd4 Qd7 13. Bxf6 gxf6 14. d4 Bd6 15. Qd2 Ba3 16. Rc2 Bf5 17. 0-0 Bxc2 18. Qxc2 Rfc8 19. Qd2 Bf8 20. Ne1 Rc7 21. Qf4 Bg7 22. Nd3 Rac8 23. Nc5 Qe7 24. Qg4 f5 25. Qf4 Bxd4 26. Nxb7 Rxb7 27. Qxd4 Rbc7 28. Qe5 f6 29. Qe3 Kg7 30. h4 Qd6 31. Rd1 Qe5 32. Qd2 Rc2 33. Qb4 Qxe2 34. Qe7+ Kg6 35. h5+ Qxh5 36. Re1 Rc1 37. Qxe6 Rxe1+ 38. Qxe1 Qh6 39. f4 Qf8 40. b4 Qd6 41. Qd2 d4 42. Bf1 d3 43. g4 Qd4+ 44. Kh1 Qe4+ 45. Kg1 Rc2 46. gxf5+ Kxf5 47. Qxd3 Rg2+ 48. Kh1 Rxa2+ 0-1